منافیعول اعضاء موصوویر / (Record no. 169956)

MARC details
000 -LEADER
fixed length control field 00597nam a22001937a 4500
005 - DATE AND TIME OF LATEST TRANSACTION
control field 20191213161336.0
010 ## - LCCN (DPL NO)
LC control number 806459
020 ## - INTERNATIONAL STANDARD BOOK NUMBER
Terms of availability 10.00
035 ## - SYSTEM CONTROL NUMBER
System control number 806459
037 ## - SOURCE OF ACQUISITION
Source of stock number/acquisition BPPD/Pub.
082 ## - DEWEY DECIMAL CLASSIFICATION NUMBER
Classification number 611
100 ## - MAIN ENTRY--PERSONAL NAME
Personal name خواجا رضوان احمد
245 ## - TITLE STATEMENT
Title منافیعول اعضاء موصوویر /
Statement of responsibility, etc خواجا رضوان احمد
246 ## - VARYING FORM OF TITLE
Title proper/short title Manafiul Aza Musawwir (Urdu) /
Remainder of title by Khwaja Rizwan Ahmed
260 ## - PUBLICATION, DISTRIBUTION, ETC. (IMPRINT)
Place of publication, distribution, etc Delhi
Date of publication, distribution, etc 1946 ء
270 ## - ADDRESS
Address Darul Talifat Ajmal Road, Karol Bagh
City Delhi
300 ## - PHYSICAL DESCRIPTION
Extent 567p.
Dimensions 20cm(Hb)
942 ## - ADDED ENTRY ELEMENTS (KOHA)
Source of classification or shelving scheme Dewey Decimal Classification
Item type Urdu Bks
Classification part 611
Call number suffix ‏ر ض و
Holdings
Withdrawn status Lost status Not for loan Collection code Home library Current library Date acquired Source of acquisition Cost, normal purchase price Full call number Barcode Copy number Cost, replacement price Koha item type
      Non-fiction Central Library Central Library 09/12/2019 BPPD/Ven. 10.00 611 ‏ر ض و 806459 1 10.00 Urdu Bks

© Delhi Public Library
Hit Counter
free hit counter